Fr. Conceicao Rodrigues College of Engineering

MAHARASHTRA GENERAL CONDITION OF SERVICES (Record no. 31798)

MARC details
000 -LEADER
fixed length control field 00287nam a2200133Ia 4500
100 ## - MAIN ENTRY--PERSONAL NAME
Personal name DEOPUJARI/U.P.
250 ## - EDITION STATEMENT
Edition statement 2ND
245 ## - TITLE STATEMENT
Title MAHARASHTRA GENERAL CONDITION OF SERVICES
260 ## - PUBLICATION, DISTRIBUTION, ETC.
Name of publisher, distributor, etc. Nagpur Law House
Place of publication, distribution, etc. Nagpur
300 ## - PHYSICAL DESCRIPTION
Extent 252
546 ## - LANGUAGE NOTE
Language note ENGLISH
942 ## - ADDED ENTRY ELEMENTS (KOHA)
Koha item type BOOK
Holdings
Withdrawn status Lost status Damaged status Not for loan Collection Home library Current library Shelving location Date acquired Source of acquisition Cost, normal purchase price Inventory number Total Checkouts Full call number Barcode Date last seen Cost, replacement price Price effective from Koha item type
        ITI Fr. Agnel's C.Rodrigues College of Engineering Fr. Agnel's C.Rodrigues College of Engineering   17/03/2023 SUNDERDAS GIANCHAND. 220.00 12356/DT.20/06/2005   ITI674 17/03/2023 220.00   BOOK